书目信息 |
| 题名: |
Windows Vista使用详解
|
|
| 作者: | 彭爱华 , 刘晖 编著 | |
| 分册: | ||
| 出版信息: | 北京 人民邮电出版社 2007.05 |
|
| 页数: | 16, 658页 | |
| 开本: | 26cm | |
| 丛书名: | ||
| 单 册: | ||
| 中图分类: | TP316.86 | |
| 科图分类: | ||
| 主题词: | 窗口软件--chuang kou ruan jian--程序设计--基本知识 | |
| 电子资源: | ||
| ISBN: | 978-7-115-15980-9 | |
| 000 | 00896nam0 2200241 450 | |
| 001 | 012007642053 | |
| 005 | 20071108075801.66 | |
| 010 | @a978-7-115-15980-9@dCNY59.00 | |
| 100 | @a20071107d2007 km y0chiy0120 ea | |
| 101 | 0 | @achi |
| 102 | @aCN@b110000 | |
| 105 | @aa z 000yy | |
| 106 | @ar | |
| 200 | 1 | @aWindows Vista使用详解@AWindows Vista shi yong xiang jie@f彭爱华, 刘晖编著@Fpeng ai hua,liu hui bian zhu |
| 210 | @a北京@c人民邮电出版社@d2007.05 | |
| 215 | @a16, 658页@c图@d26cm | |
| 330 | @a本书共18章,主要内容包括Windows Vista新特性、Windows Vista的安装和配置、获得使用帮助、Windows Vista图形界面详解、安装和管理应用程序、安装和管理硬件设备等。 | |
| 606 | 0 | @a窗口软件@Achuang kou ruan jian@x程序设计@x基本知识 |
| 690 | @aTP316.86@v4 | |
| 701 | 0 | @a彭爱华@Apeng ai hua@4编著 |
| 701 | 0 | @a刘晖@Aliu hui@4编著 |
| 801 | 0 | @aCN@b@c20071108 |
| 905 | @b265937-38@dTP316.86@eP442@f2 | |
| Windows Vista使用详解/彭爱华, 刘晖编著.-北京:人民邮电出版社,2007.05 |
| 16, 658页:图;26cm |
| ISBN 978-7-115-15980-9:CNY59.00 |
| 本书共18章,主要内容包括Windows Vista新特性、Windows Vista的安装和配置、获得使用帮助、Windows Vista图形界面详解、安装和管理应用程序、安装和管理硬件设备等。 |
| ● |
| 相关链接 |
|
|
|
正题名:Windows Vista使用详解
索取号:TP316.86/P442
 
预约/预借
| 序号 | 登录号 | 条形码 | 馆藏地/架位号 | 状态 | 备注 |
| 1 | 265937 | 202659373 | 自科库301/301自科库 58排7列5层/ [索取号:TP316.86/P442] | 在馆 | |
| 2 | 265938 | 202659382 | 期刊室512/301自科库 52排5列3层/ [索取号:TP316.86/P442] | 在馆 |